Provinces of the Papal States with a Map - Statistics

General Stats
  • This quiz has been taken 1,397 times
  • The average score is 7 of 20
Answers on the Map
Answers color-coded by a green-red scale on the quiz's map according to % correct below.
 
Answer Stats
Delegations % Correct
Rome
99%
Bologna
61%
Ravenna
56%
Ancona
53%
Urbino and Pesaro
47%
Ferrara
45%
Perugia
44%
Benevento
32%
Spoleto
28%
Viterbo
28%
Forli
27%
Fermo
20%
Rieti
20%
Frosinone
19%
Ascoli
18%
Civitavecchia
17%
Macerata
17%
Orvieto
17%
Camerino
11%
Velletri
9%
No matching quizzes found
Score Distribution
Percent of People with Each Score
Percentile by Number Answered
Your Score History
You have not taken this quiz